LEADER 01262nam a2200241 u 4500 001 000000091921 003 CaOOAMICUS 005 20070226124901.0 008 060329n it u000 u ita u 035 $a11083790 040 $aPUL(R)$bita 245 00$aCalendario della Pontificia accademia romana di S. Tommaso D'Aquino e di religione cattolica :$banno MCMXLI-MCMXLII. 260 $aRoma :$bTip. della Ponticia Università Gregoriana,$c[s.d.] 300 $a12 p. ;$c24 cm 650 4$aCalendario ecclesiastico.$0(OLS)http://pul/subject/9002 700 0 $aThomas Aquinas,$cs.,$dc. 1225-1274.$0(OLS)http://pul/name/3373 850 $aPUL 852 $aPUL$W1$xDP1 Fondo Gelio$y54$m1 C 54$j26732$nBK-PRI$b $qFondi$B115689$CPULBib$Z2$F115689 $H $81 852 $aPUL$W1$xDP1 Fondo Gelio$y54$m1 C 55$j33030$nBK-PRI$b $qFondi$B115690$CPULBib$Z2$F115690 $H $81 900 $aTommaso d'Aquino,$cs.,$dc.1225-1274$93373 941 1 $a1 996 $6245$aCalendario della Pontificia accademia romana di S. Tommaso D'Aquino e di religione cattolica :$banno MCMXLI-MCMXLII$9(OLS)http://pul/title/118648 996 $6260$aRoma :$bTip. della Ponticia Università Gregoriana$9(OLS)http://pul/publisher/78984 LEADER 01212nam a2200289 u 4500 001 000000077543 003 CaOOAMICUS 005 20070226123331.0 008 040211s1985 gw u000 u ger u 020 $a3161449231 035 $a10984069 040 $aPUL$bita 100 1 $aSiegert, Folker.$0(OLS)http://pul/name/15407 245 10$aArgumentation bei Paulus :$bgezeigt an Röm 9-11 /$cvon Folker Siegert. 260 $aTübingen :$bMohr,$c1985. 300 $av, 320 p. ;$c23 cm 490 1 $aWissenschaftliche Untersuchungen zum Neuen Testament ;$v34 500 $aContiene indici. 504 $aBibliografia in nota. 630 04$aBiblia.$pN.T.$pAd Romanos.$nIX-XI.$0(OLS)http://pul/subject/26951 830 0$aWissenschaftliche Untersuchungen zum Neuen Testament ;$v34.$0(OLS)http://pul/title/8628 850 $aPUL 852 $aPUL$W1$xSL Religione 1$y3$m16 H 34$j99590$nBK-PRI$b $qStampati$B99590$CPULBib$Z2$F99590 $HPUL91897 $81 941 1 $a8 996 $6020$a3161449231$9(OLS)http://pul/number/101669 996 $6245$aArgumentation bei Paulus :$bgezeigt an Röm 9-11$9(OLS)http://pul/title/101701 996 $6260$aTübingen :$bMohr$9(OLS)http://pul/publisher/48065